| 000 | 00863nam a2200253 i 4500 | ||
|---|---|---|---|
| 001 | 177286 | ||
| 003 | ES-MaACL | ||
| 005 | 20250831115923.0 | ||
| 007 | t| | ||
| 008 | 110314s1974 fr abdf ||||1| fre d | ||
| 080 | _a338.439.02 | ||
| 100 | 1 |
_aLe Coz, Jean. _9145623 |
|
| 245 | 1 | 4 |
_aLes réformes agraires _b: de Zapata à Mao Tsé-toung et la FAO / _cpar Jean Le Coz. |
| 250 | _a[1re éd.]. | ||
| 260 |
_aParis : _bPresses Universitaires de France, _c1974. |
||
| 300 |
_a308, [8] p. de lám. bl. y n. : _bil. bl. y n. ; _c19 cm. |
||
| 490 | 1 |
_aMagellan. La Géographie et ses problèmes ; _v33 |
|
| 500 | _aÍndices. | ||
| 504 | _aBibliografía: p. 299-304. | ||
| 650 | 7 |
_aReforma agraria _2embne _916718 |
|
| 830 | 0 |
_aMagellan. La Géographie et ses problèmes ; _v33 _9182333 |
|
| 852 |
_aES-MaACL _jE-14685 _xOlim P-507 |
||
| 999 |
_c177286 _d177286 |
||